|
|
|
|
| LEADER |
00000nbm0a2200000 4500 |
| 001 |
198001 |
| 005 |
20231101224804.0 |
| 035 |
|
|
|a (RuTPU)RU\TPU\book\215967
|
| 035 |
|
|
|a RU\TPU\book\215965
|
| 090 |
|
|
|a 198001
|
| 100 |
|
|
|a 20110621j20110608k y0rusy50 ca
|
| 101 |
0 |
|
|a rus
|
| 102 |
|
|
|a RU
|
| 105 |
|
|
|a a m 001zy
|
| 200 |
1 |
|
|a Спектрофотометрический анализ неразделенных смесей (лекарственных и витаминных препаратов) с применением хемометрических алгоритмов
|e диссертация на соискание ученой степени доктора химических наук
|e спец. 02.00.02
|f И. В. Власова
|g Омский государственный университет им. Ф. М. Достоевского (ОмГУ) ; науч. конс. В. И. Вершинин
|
| 210 |
|
|
|a Омск
|d 2011
|
| 215 |
|
|
|a 275 л.
|c ил.
|
| 300 |
|
|
|a Защищена 8.06.2011 г.
|
| 320 |
|
|
|a Библиогр.: с. 212-242 (281 назв.).
|
| 606 |
1 |
|
|a Спектрофотометрический анализ
|2 stltpush
|3 (RuTPU)RU\TPU\subj\55821
|9 73779
|
| 610 |
1 |
|
|a органические вещества
|
| 610 |
1 |
|
|a смеси
|
| 610 |
1 |
|
|a анализ
|
| 610 |
1 |
|
|a спектрофотометрические методы
|
| 610 |
1 |
|
|a метод Фирордта
|
| 610 |
1 |
|
|a множественная линейная регрессия
|
| 610 |
1 |
|
|a использование
|
| 610 |
1 |
|
|a латентные структуры
|
| 610 |
1 |
|
|a метод проекций
|
| 610 |
1 |
|
|a лекарственные препараты
|
| 610 |
1 |
|
|a премиксы
|
| 610 |
1 |
|
|a диссертации
|
| 675 |
|
|
|a 543.42(04)
|v 3
|
| 686 |
|
|
|a 02.00.02
|2 oksvnk
|
| 700 |
|
1 |
|a Власова
|b И. В.
|g Ирина Васильевна
|
| 702 |
|
1 |
|a Вершинин
|b В. И.
|g Вячеслав Исаакович
|4 695
|
| 712 |
0 |
2 |
|a Омский государственный университет им. Ф. М. Достоевского (ОмГУ)
|2 stltpush
|3 (RuTPU)RU\TPU\col\403
|
| 801 |
|
1 |
|a RU
|b 63413507
|c 20110621
|
| 801 |
|
2 |
|a RU
|b 63413507
|c 20110819
|g RCR
|
| 942 |
|
|
|c BK
|